| 000 | 00601cam a2200181 a 4500 | ||
|---|---|---|---|
| 001 | 000007656 | ||
| 005 | 20200929154241.0 | ||
| 008 | 720810s1970 sp b 001 0 spa | ||
| 040 |
_aDO-SdBNP _cNhD _dOCoLC _dDLC |
||
| 082 |
_a864.6 _bB641j |
||
| 100 | 1 |
_aBlanco Aguinaga, Carlos, _d1926- _921233 |
|
| 245 | 1 | 0 |
_aJuventud del 98 / _cCarlos Blanco Aguinaga. |
| 260 |
_aMadrid : _bSiglo Veintiuno de España, _c1970. |
||
| 300 |
_axiv, 327 p. ; _c19 cm. |
||
| 650 | 4 |
_aEnsayos españoles _93095 |
|
| 650 | 4 |
_aLiteratura española _ySIGLO XX _xHistoria y crítica _93061 |
|
| 910 | _aCatalogación por copia / LC | ||
| 999 |
_c7436 _d7436 |
||